000 00618cam a2200133 4500500
005 20260111091237.0
041 _afre
042 _adc
245 0 0 _aMartínez Cuesta A., OAR, Correspondencia del Cardinal Rampolla con religiosos agustinos recoletos, coll. Inst. histor. agustinianorum recollectorum – Subsidia 10, Madrid, Rev. Agustiniana, 2003, 24x17, 379 p.
260 _c2005.
500 _a4
786 0 _nNouvelle revue théologique | 127 | 2 | 2005-03-12 | p. 337q-346q | 0029-4845
856 4 1 _uhttps://shs.cairn.info/revue-nouvelle-revue-theologique-2005-2-page-337q?lang=fr&redirect-ssocas=7080
999 _c1620731
_d1620731